| 000 | 00528cam a2200205ua 4500 | ||
|---|---|---|---|
| 001 | 3643 | ||
| 008 | 111125n ii |||gr||||Z||||||eng | ||
| 040 | _cMAIN | ||
| 082 | _a370.15 | ||
| 100 |
_aBhatia, D., _eAuthor. |
||
| 245 | 1 | 1 |
_aEducational psychology _cby D. Bhatia |
| 250 | _a1st. | ||
| 260 |
_aNew Delhi: _bDoaba House, _c2000. |
||
| 300 |
_a304p: _c23cm. |
||
| 653 | _aEducational psychology | ||
| 700 |
_aWalia, D. K., _eAuthor. |
||
| 700 |
_aMangal, J. C., _eAuthor. |
||
| 700 |
_aDutt, T. C., _eAuthor. |
||
| 942 | _cBK | ||
| 999 |
_c3483 _d3483 |
||